000 00317nam a2200121 a 4500
001 000032155
005 20200930063457.0
008 110713s19uu dr 000 0 spa d
040 _aDO-SdBNP
_bspa
_cBNPHU
245 0 0 _aRomance de la ocupación.
260 _a[Santo Domingo :
_bs.n.,
_c196?].
300 _a6 p. ;
_c23 cm.
999 _c31646
_d31646